Liste des Personnages de Doctor Who - Statistiques

Statistiques générales
  • Ce quiz a été pris 517 fois
  • Le résultat moyen est 11 sur 30
Statistiques - réponses
Personnages % Correct
1 Le Docteur
90%
20 Rose Tyler
85%
3 Amy Pond
82%
22 Donna Noble
75%
4 Rory Williams
74%
25 Clara Oswald
73%
24 River Song
71%
21 Martha Jones
67%
2 Le Maître
66%
23 Jack Harkness
50%
26 Bill Potts
46%
15 Les Cybermen
41%
14 Les Daleks
41%
5 Jackie Tyler
38%
27 Nardole
29%
18 Davros
28%
17 Les Anges Pleureurs
26%
7 Madame Vastra
21%
19 Strax
17%
16 Le Silence
14%
28 Ryan Sinclair
14%
10 Danny Pink
12%
6 Wilfried Mott
12%
30 Graham O'Brien
11%
29 Yazmin Khan
10%
8 Jenny Flint
7%
12 Petronella Osgood
3%
13 Ashildr
2%
9 Madame Kovarian
2%
11 Rigsy
0%
Aucun quiz correspondant
Distribution des résultats
% des personnes avec chaque résultat
Percentile par nombre de réponses
Votre historique - résultats
Vous n’avez pas pris ce quiz